| 000 | 00338nam a2200109Ia 4500 | ||
|---|---|---|---|
| 008 | 171211s9999 xx 000 0 und d | ||
| 245 | _aQualitative Researching with Text, Image and Sound | ||
| 245 | _cGeorge D. Gaskell and Martin W Bauer | ||
| 260 | _c2000 | ||
| 650 | _xPSYCHOLOGY | ||
| 856 | _uhttp://down.ebook777.com/062/0761964819.pdf | ||
| 999 |
_c349267 _d349267 |
||